Across the universe /

Đã lưu trong:
Chi tiết về thư mục
Tác giả chính: Goldenthal, Elliot (Nhà soạn nhạc)
Tác giả của công ty: <<The >>Beatles (gruppo musicale) (Nhà soạn nhạc)
Tác giả khác: Delbonnel, Bruno (Nhiếp ảnh gia), Sturgess, Jim (Diễn viên), Anderson, Joe (Diễn viên), La Frenais, Ian (Người viết kịch bản), Clement, Dick (Người viết kịch bản), Wood, Evan Rachel (Diễn viên), Taymor, Julie (Giám đốc)
Định dạng: Slide
Ngôn ngữ:Nhiều Ngôn ngữ
Được phát hành: Milano : Sony Pictures home entertainment, ©2008
Loạt:Effetto cinema
Các nhãn: Thêm thẻ
Không có thẻ, Là người đầu tiên thẻ bản ghi này!

MARC

LEADER 00000ngm a22000007i 4500
001 IT\ICCU\LO1\1195210
003 ItRI
005 20260124182821.0
008 080616s2008 it |||||||||||||||k|||||c
024 3 1 |a 8013123024442 
028 4 2 |a DV146520 
040 |b ita 
041 7 |a mul  |2 ISO-639-2 
082 |a 791.43  |9 CINEMA  |2 19 
130 0 |a Across the universe <film ; 2007>  |3 IT\ICCU\LO1\1195212 
245 0 0 |a Across the universe /  |c un film di Julie Taymor ; screenplay by Dick Clement & Ian La Frenais ; director of photography Bruno Delbonnel ; original score by Elliot Goldenthal. 
260 |a Milano :  |b Sony Pictures home entertainment,  |c ©2008 
300 |a 1 DVD video (ca. 128 min.) ;  |c in contenitore, 19 cm 
500 |a Caratteristiche tecniche: regione 2; PAL; panoramico 2.40:1, anamorfico 16:9; Dolby digital 5.1; color 
500 |a Tit. del contenitore 
500 |a Produzione cinematografica USA 2007 
500 |a Interpreti: Evan Rachel Wood, Jim Sturgess, Joe Anderson 
500 |a Lingue: italiano, inglese; sottotitoli: italiano, inglese, arabo, bulgaro, ceco, croato, greco, hindi, islandese, polacco, rumeno, serbo, slovacco, sloveno, turco, ungherese 
500 |a Contenuti speciali: commento di Julie Taymor ed Elliot Goldenthal; creando l'universo, dietro le quinte; tutto sulla musica; scena eliminata; Mr. Kite, riprese alternative; galleria fotografica. 
700 1 |a Delbonnel, Bruno  |0 IT\ICCU\LO1V\291979  |4 pht 
700 1 |a Sturgess, Jim  |0 IT\ICCU\LO1V\346353  |4 act 
700 1 |a Anderson, Joe  |0 IT\ICCU\LO1V\346354  |4 act 
700 1 |a La Frenais, Ian  |0 IT\ICCU\RAVV\092548  |4 sce 
700 1 |a Clement, Dick  |0 IT\ICCU\RAVV\092549  |4 sce 
700 1 |a Goldenthal, Elliot  |0 IT\ICCU\RAVV\102706  |4 cmp 
700 1 |a Wood, Evan Rachel  |0 IT\ICCU\UBOV\495259  |4 act 
700 1 |a Taymor, Julie  |0 IT\ICCU\UBOV\560308  |4 drt 
710 2 |a <<The >>Beatles (gruppo musicale)  |0 IT\ICCU\CFIV\045478  |4 cmp 
790 1 |a Starr, Ringo  |3 IT\ICCU\RAVV\274061  |y The Beatles (gruppo musicale) 
790 1 |a Lennon, John  |3 IT\ICCU\LO1V\023155  |y The Beatles (gruppo musicale) 
791 2 |a Beatles  |3 IT\ICCU\SBNV\050833  |z The Beatles (gruppo musicale) 
830 0 |a Effetto cinema  |0 IT\ICCU\UFI\0297376 
942 |2 ddc  |c VM  |n 0 
952 |0 0  |1 0  |4 0  |6 VO_1614_000000000000000  |7 0  |9 26825  |a BO  |b BO  |d 2026-01-24  |i 12189  |l 0  |o VO 1614  |p BO12189  |r 2026-01-24 18:28:21  |w 2026-01-24  |x [Sebina 5] [1 dvd]  |y VM  |z 1 dvd 
999 |c 22691  |d 22691